Ersatzteil-Logistik.
Logistika náhradných dielov ako parciálny systém logistiky v materiálovom hospodárstve užívateľa a v odbytovom hospodárstve výrobcu. Náhradné diely, údržba a služba zákazníkom. Vzťah techniky, ľudí a organizačnej štruktúry pri vytváraní logistiky náhradných dielov.
Salvato in:
| Autore principale: | |
|---|---|
| Natura: | Capitolo di libro |
| Lingua: | tedesco |
| Soggetti: | |
| Tags: |
Nessun Tag, puoi essere il primo ad aggiungerne!!
|
MARC
| LEADER | 00000naa a2200000 4500 | ||
|---|---|---|---|
| 001 | r006291 | ||
| 005 | 20221130103953.5 | ||
| 041 | 0 | |a ger | |
| 044 | |a DE | ||
| 245 | 1 | 0 | |a Ersatzteil-Logistik. |c H.Ch. Pfohl |
| 520 | |a Logistika náhradných dielov ako parciálny systém logistiky v materiálovom hospodárstve užívateľa a v odbytovom hospodárstve výrobcu. Náhradné diely, údržba a služba zákazníkom. Vzťah techniky, ľudí a organizačnej štruktúry pri vytváraní logistiky náhradných dielov. | ||
| 610 | 2 | 0 | |a logistika |
| 610 | 2 | 0 | |a súčiastky |
| 610 | 2 | 0 | |a zásobovanie materiálno-technické |
| 610 | 2 | 0 | |a odbyt |
| 610 | 2 | 0 | |a zákazníci |
| 100 | 1 | |a Pfohl, H.Ch. | |